Şeriat ve kadın (Record no. 2637)

MARC details
000 -BAŞLIK
Sabit Uzunlukta Kontrol Alanı 00755na a2200289 4500
001 - KONTROL NUMARASI
Denetim Alanı 20483
003 - KONTROL NUMARASI IDENTIFIER
Denetim Alanı MIRAKIL
005 - SON İŞLEM TARİHİ VE ZAMANI
Denetim Alanı 20181213154904.0
008 - SABİT-BOY VERİ ELEMANLARI - GENEL BİLGİLER
Sabit Uzunlukta Kontrol Alanı 170120b tu 000 0
020 ## - ULUSLARARASI STANDART KİTAP NUMARASI
Uluslararası Standart Kitap Numarası 9753432003
035 ## - SİSTEM KONTROL NUMARASI
Sistem Kontrol Numarası 12741
040 ## - KATALOGLAMA KAYNAK
Orijinal Kataloglama Ajansı Milas
Kataloglama Dili tur
Metne Dönüştürmek Ajansı TR-AnCHP
041 ## - DİL KODU
Metin / Ses Parça Veya Ayrı Başlığın Dil Kodu tur
082 ## - DEWEY ONLU SINIFLANDIRMA NUMARASI
Sınıflandırma Numarası 297.14082
Ürün Numarası A67ş 1997
090 ## - SINIFLAMA NUMARASI
Sınıflama Numarası 297.19 A67ş 1997
100 ## - ANA GİRİŞ - KİŞİSEL İSİM
Kişisel Ad Arsel, İlhan
245 ## - BAŞLIK TABLOSU
Başlık Şeriat ve kadın
Sorumluluk Tablosu, Vb İlhan Arsel
250 ## - EDITION TABLOSU
Baskı Beyanı 15. bs
260 ## - YAYIN, DAĞITIM, VB
Yayın, Dağıtım, Vb Yeri İstanbul
Yayıncı, Dağıtıcı, Vs Adı Kaynak Yayınları
Yayın, Dağıtım, Vb Tarihi 1989
300 ## - FİZİKSEL TANIM
Kapsam 622 s.
Boyutlar 20 sm.
490 ## - SERİSİ TABLOSU
Seri Beyanı Kaynak Yayınları
Hacim / Ardışık Tanımı 232
504 ## - KAYNAKÇA VB NOT
Kaynakça Vb Notu Dizin var.
650 ## - KONU KATMA GİRİŞ - TOPİKAL DÖNEM
Topikal Süreli Veya Coğrafi Ad Giriş Elemanı İslam hukuku
Genel Alt Bölümü Kadınlar
650 ## - KONU KATMA GİRİŞ - TOPİKAL DÖNEM
Topikal Süreli Veya Coğrafi Ad Giriş Elemanı İslam dini
Genel Alt Bölümü Kadın hakları
650 ## - KONU KATMA GİRİŞ - TOPİKAL DÖNEM
Topikal Süreli Veya Coğrafi Ad Giriş Elemanı İslam dini
Genel Alt Bölümü Kadınlar
942 ## - EKLENDİ GİRİŞ ELEMANLARI (KOHA)
Sınıflandırma Veya Raf Düzeni Kaynak Dewey Decimal Classification
Koha Öğesi Türü Books
999 ## - SİSTEM KONTROL NUMARALARI (KOHA)
Koha Biblionumber 2637
Koha Biblioitemnumber 2637
Holdings
Kalıcı Konum Mevcut Konum Edinme Tarihi Edinim Kaynak Toplam Check-Out'Lar Tam Çağrı Numarası Barkod Tarih Son Görülme İtibaren Geçerli Fiyatlar Koha Öğesi Türü
CHP Kütüphanesi CHP Kütüphanesi 01/20/2017 Bağış   297.19 A67ş 1997 012577 01/20/2017 01/20/2017 Books